Sports Quiz

Random Sports or War Quiz

Player of the Year: Red Sox, 1930-1959 Quiz Stats

Quiz not verified by Sporcle

Also try: Southland
Challenge
Share
Tweet
Embed
Score 0/30 Timer 06:00
0 Plays Today
Year Name % Correct
1957Ted Williams
97.8%
1956Ted Williams
97.8%
1955Ted Williams
97.8%
1954Ted Williams
97.8%
1951Ted Williams
97.8%
1949Ted Williams
97.8%
1948Ted Williams
97.8%
1947Ted Williams
97.8%
1946Ted Williams
97.8%
1942Ted Williams
97.8%
1941Ted Williams
97.8%
1940Ted Williams
97.8%
1939Jimmie Foxx
93%
1938Jimmie Foxx
93%
1943Bobby Doerr
89.2%
Year Name % Correct
1937Lefty Grove
80.6%
1936Lefty Grove
80.6%
1959Pete Runnels
50%
1958Pete Runnels
50%
1950Mel Parnell
45.7%
1952Billy Goodman
32.8%
1953Ellis Kinder
31.2%
1935Wes Ferrell
27.4%
1944Bob Johnson
25.3%
1934Billy Werber
13.4%
1931Earl Webb
12.9%
1932Dale Alexander
11.8%
1945Eddie Lake
9.1%
1930Milt Gaston
8.1%
1933Dusty Rhodes
5.9%

You're not logged in!

Compare scores with friends on all Sporcle quizzes.
Join for Free
OR
Log In

You Might Also Like...

Show Comments

Extras

Top Quizzes Today


Score Distribution

Your Account Isn't Verified!

In order to create a playlist on Sporcle, you need to verify the email address you used during registration. Go to your Sporcle Settings to finish the process.

Report this User

Report this user for behavior that violates our Community Guidelines.

Details: